Statistics for Cities With Bundesliga Teams (with a map)

Click here to take the quiz!

General Stats

  • This quiz has been taken 413 times
    (380 since last reset)
  • The average score is 14 of 18

Answers on the Map

Answers color-coded by a green-red scale on the quiz's map according to % correct below.
 

Answer Stats

Answer% Correct
Berlin
96%
Berlin
96%
Munich
96%
Dortmund
94%
Cologne
89%
Bremen
88%
Leipzig
88%
Frankfurt
87%
Augsburg
77%
Mainz
76%
Freiburg im Breisgau
75%
Leverkusen
74%
Wolfsburg
73%
Gelsenkirchen
67%
Mönchengladbach
66%
Düsseldorf
65%
Sinsheim
42%
Paderborn
38%

Score Distribution

Percentile by Number Answered

Percent of People with Each Score

Your Score History

You have not taken this quiz since the last reset